00521nam a22002057a 450000500170000001000110001702000120002803500110004003700160005104000120006708200130007910000200009224500480011226000450016027000380020530000200024350000210026365000130028465000180029720170124105950.0 a666102 c4.50.00 a666102 bCen Lib/Ret aDPLbEN a291bGAR aGarden, John W. aRecovery of confedence /cby John W. Garden aCalcutta bScientific Book Agency c1971 bCalcuttaa22 Raja Woodmunt Street a189p.c20cm(Hb) aIncludes index  aReligion aCharistianity